| 000 | 02069nam0a2200385 4500 | ||
|---|---|---|---|
| 001 | RU\NLR\BIBL_A\022732259 | ||
| 005 | 20260426072715.0 | ||
| 010 | _a978-5-6051687-6-8 | ||
| 021 |
_aRU _bКН-П-25-082486 _9КН-П-25-7984 |
||
| 035 | _a(NLR Aleph) 022732259 | ||
| 090 |
_a13693138 _c13693138 |
||
| 100 | _a20260219d2025 u y0rusy50 ca | ||
| 101 | 0 | _arus | |
| 102 | _aRU | ||
| 105 | _ay z 000zy | ||
| 181 | 0 |
_ai4 _baxxe |
|
| 182 | 0 | _an | |
| 200 | 1 |
_aСахарный диабет 1 типа у детей _eклинические рекомендации _e[для специалистов здравоохранения _fПетеркова Валентина Александровна - д.м.н., профессор, академик РАН, Безлепкина Ольга Борисовна - д.м.н., Лаптев Дмитрий Никитич - д.м.н., профессор РАН и др.] _gОбщественная организация "Российская ассоциация эндокринологов" |
|
| 203 |
_aТекст _bвизуальный _cнепосредственный |
||
| 210 |
_aМосква _cСанофи Россия _d2025 |
||
| 215 |
_a78 с. _d24 |
||
| 300 | _aАвт. указаны на 67-й с. | ||
| 300 | _aОписано по обл. Тит. л. отсутствует | ||
| 320 | _aБиблиогр.: с. 58-66 (189 назв.) | ||
| 606 | 1 |
_aСахарный диабет детей _jМетодические пособия _92135893 _3RU\NLR\AUTH\661287958 |
|
| 686 | 1 | _aР733.415.160.23я8 | |
| 701 | 1 |
_aПетеркова _bВ. А. _f1941- _gВалентина Александровна |
|
| 701 | 1 |
_aБезлепкина _bО. Б. _gОльга Борисовна |
|
| 701 | 1 |
_aЛаптев _bД. Н. _gДмитрий Никитич |
|
| 712 | 0 | 2 |
_4570 _aРоссийская ассоциация эндокринологов _9306724 _3RU\NLR\AUTH\8816731 |
| 942 | _cBOOK | ||
| 980 | _aNB | ||